| 000 | 01247cam a2200313 a 4500 | ||
|---|---|---|---|
| 001 | 4946866 | ||
| 003 | OSt | ||
| 005 | 20240514165633.0 | ||
| 008 | 961125s1998 enka b 001 0 eng | ||
| 010 | _a 96051772 | ||
| 020 | _a0521551986 | ||
| 020 | _a0521558557 (pbk.) | ||
| 040 |
_aDLC _cDLC _dDLC |
||
| 082 | 0 | 0 |
_a548.5 PIM 1998 _221 |
| 100 | 1 |
_aPimpinelli, Alberto; Villain, Jacques. _913747 |
|
| 245 | 1 | 0 | _aPhysics of Crystal Growth |
| 260 |
_aCambridge; _bCambridge University Press, _c1998. |
||
| 300 |
_axix, 377 p. : _bill. ; _c26 cm. |
||
| 440 | 0 |
_aCollection Aléa-Saclay ; _v4 _913748 |
|
| 504 | _aIncludes bibliographical references & index. | ||
| 650 | 0 |
_aSolids crystals _913749 |
|
| 650 | 0 |
_aStatistical physics. _98058 |
|
| 856 | 4 | 2 |
_3Publisher description _uhttp://www.loc.gov/catdir/description/cam028/96051772.html |
| 856 | 4 | 1 |
_3Table of contents _uhttp://www.loc.gov/catdir/toc/cam022/96051772.html |
| 856 | 4 | 2 |
_3Contributor biographical information _uhttp://www.loc.gov/catdir/enhancements/fy1407/96051772-b.html |
| 906 |
_a7 _bcbu _corignew _d1 _eocip _f19 _gy-gencatlg |
||
| 942 |
_2ddc _cO_SHELF |
||
| 999 |
_c6686 _d6686 |
||